ბათუმის შოთა რუსთაველის სახელმწიფო უნივერსიტეტის ბიბლიოთეკა

Хранение и переработка сельхозсырья. №1 /2018 (ბიბ.ჩანაწერი № 55374)

000 -LEADER
fixed length control field 00671nam a2200205Ia 4500
001 - CONTROL NUMBER
control field 22452
003 - CONTROL NUMBER IDENTIFIER
control field GE_BSU
008 - FIXED-LENGTH DATA ELEMENTS--GENERAL INFORMATION
fixed length control field 181216s||||||||xx |||||||||||||| ||und||
040 ## - CATALOGING SOURCE
Transcribing agency GE_BSU
245 ## - TITLE STATEMENT
Title Хранение и переработка сельхозсырья. №1 /2018
245 ## - TITLE STATEMENT
Remainder of title Научно-теоретический журнал
245 ## - TITLE STATEMENT
Statement of responsibility, etc. Гл. ред. О.П. Преснякова
260 ## - PUBLICATION, DISTRIBUTION, ETC.
Place of publication, distribution, etc. Москва
260 ## - PUBLICATION, DISTRIBUTION, ETC.
Date of publication, distribution, etc. 2018
300 ## - PHYSICAL DESCRIPTION
Extent 74 стр. 30см.
653 ## - INDEX TERM--UNCONTROLLED
Uncontrolled term Периодика
653 ## - INDEX TERM--UNCONTROLLED
Uncontrolled term Хранение и переработка сельхозсырья. №1/2018
653 ## - INDEX TERM--UNCONTROLLED
Uncontrolled term პერიოდიკა
942 ## - ADDED ENTRY ELEMENTS (KOHA)
Koha item type პერიოდიკა
ეგზემპლარები
Withdrawn status Lost status Source of classification or shelving scheme Damaged status Not for loan Permanent Location Current Location Date acquired Barcode Date last seen Price effective from Koha item type Public note
        შიდა ფონდი აგრარული და მემბრანული ტექნოლოგიების ინსტიტუტის ბიბლიოთეკა აგრარული და მემბრანული ტექნოლოგიების ინსტიტუტის ბიბლიოთეკა 2018-12-17 p 79290 2018-12-17 2018-12-17 პერიოდიკა პერიოდიკა